|
|
|
|
| LEADER |
00717nam a22001931a 4500 |
| 020 |
|
|
|a 9788126402847
|
| 082 |
|
|
|a M301
|b VAL/K
|
| 100 |
|
|
|a Valsala P
|9 138917
|
| 245 |
|
|
|a Kalal kavalal/
|c by Valsala P
|
| 260 |
|
|
|a Kottayam:
|b D C Books ,
|c 2001.
|
| 300 |
|
|
|a 107p.
|
| 650 |
|
|
|a Stories Malayalam
|9 138918
|
| 650 |
|
|
|a Literature Malayalam
|9 138919
|
| 650 |
|
|
|a Literature
|9 138920
|
| 942 |
|
|
|c BK
|
| 942 |
|
|
|c BK
|
| 999 |
|
|
|c 22490
|d 22490
|
| 952 |
|
|
|0 0
|1 0
|4 0
|6 M_301_000000000000000_VAL_K
|7 0
|9 31664
|a SSUS
|b SSUS
|d 2015-01-08
|g 45.00
|o M301 VAL/K
|p 027161
|r 2015-01-08
|v 0.00
|w 2015-01-08
|y BK
|
| 952 |
|
|
|0 0
|1 0
|4 0
|6 M_301_000000000000000_VAL_K
|7 0
|9 31665
|a SSUS
|b SSUS
|d 2015-01-08
|g 45.00
|o M301 VAL/K
|p 027162
|r 2015-01-08
|v 0.00
|w 2015-01-08
|y BK
|